000 00907nam a22002417a 4500
999 _c63690
_d63690
005 20240530110654.0
008 171218s2016 ua a g b 000 0 ara d
017 _a25856
_bمصر. دار الكتب
020 _a9789773583231
040 _aEG-CaGPL
_cEG-CaGPL
082 0 4 _221
_a302.23\
_bد إ
100 1 _aدويل ، جيليان
245 1 0 _aاقتصاديات وسائل الاعلام /
_cتأليف جيليان دويل ؛ ترجمة محمد عبدالحميد .
250 _aط.1
260 _aالقاهرة :
_bدار الفجر للنشر و التوزيع ،
_c2015 .
300 _a253 ص. ؛
_c24 سم.
650 0 7 _2qrmak
_aوسائل الاعلام
650 0 7 _2qrmak
_aالاعلام
650 0 7 _2qrmak
_aحقوق التاليف و النشر
700 0 _aمحمد عبدالحميد
_eمترجم
942 _2ddc
_cBK